Sistema de orientación vocacional informatizado: SOVI, Manual

Guardat en:
Dades bibliogràfiques
Autors principals: Fogliatto, Hermelinda M (Autor), Pérez, Edgardo R (Autor)
Format: Llibre
Idioma:espanyol
Publicat: Buenos Aires Guadalupe 1997
Edició:1a. ed
Matèries:
Etiquetes: Afegir etiqueta
Sense etiquetes, Sigues el primer a etiquetar aquest registre!

MARC

LEADER 00000cam a2200000 a 4500
001 UCG9250
003 CL-VaPUC
008 120302e19970000AG |||||||||||||||||spa|d
020 |a 9505003579 
082 0 4 |a 158.6  |b FOG  |2 21 
100 0 |a Fogliatto, Hermelinda M  |e author  |9 560731 
700 0 |a Pérez, Edgardo R  |e author  |9 560732 
245 1 0 |a Sistema de orientación vocacional informatizado: SOVI, Manual 
250 |a 1a. ed 
300 |a 69 p 
942 |c BK 
945 |d 20120302 00:00:00  |a dcastane 
260 |a Buenos Aires  |b Guadalupe  |c 1997 
650 0 |a Orientación vocacional  |9 255692 
650 0 |a Psicología industrial  |9 271739 
650 0 |a Trabajo  |9 313876 
650 0 |a Inteligencia  |9 267038 
583 |a last modification  |c 20120302 10:37:00  |k Rodrigo Vera 
999 |c 346814  |d 346812 
952 |0 0  |1 0  |4 0  |6 158_600000000000000_FOG_1997  |7 0  |8 A  |9 447641  |a BIBEDU  |b BIBEDU  |d 2019-11-22  |i 4839323  |o 158.6 FOG 1997  |p 4839323  |r 2019-11-22  |w 2019-11-22  |y BK  |k EPE